000 00814nam a2200277Ia 4500
003 OSt
005 20221005062403.0
006 a|||||r|||| 00| 0
007 ta
008 221004b |||||||| |||| 00| 0 eng d
020 _a9780415411899 (pbk)
_c1607.24
024 _a94586
037 _b05997, 17/03/2009, Atlantic Publisher & Dist. Pvt Ltd.
_cTextual
040 _aCRL
_cCRL
_beng
041 _2eng
_aeng
082 _aR, P8
100 _aSmart Ninian
245 0 _aWorld philosophies
250 _a2nd
260 _aLondon
_bRoutledge UK
_c2008
300 _axi, 564p.
_ccm.
650 _aPHILOSOPHY
700 _a Leaman Oliver Ed.
942 _hR, P8
_cTEXL
_2cc
999 _c969607
_d969607